000 00593nam a2200205Ia 4500
005 20231208102209.0
008 131103s9999 xx 000 0 und d
020 _a052128580 1
_cRs.980
040 _aLoreto College
041 _aEnglish
082 _a421.52
_bBAK
100 _aBaker,Ann
245 _aIntroducing English Pronunciation,
_b
_cAnn Baker
250 _aa teacher's guide to Tree or Three? and Ship or Sheep
260 _aCambridge
_bCambridge University Press
_c1982
300 _a155 p.
650 _aEnglish Language - Pronunciation
850 _aLCLIB
942 _cBK
999 _c6234
_d56713